| 000 | 00528nam a2200181Ia 4500 | ||
|---|---|---|---|
| 999 |
_c21671 _d21671 |
||
| 003 | OSt | ||
| 005 | 20200624101949.0 | ||
| 008 | 190216s9999||||xx |||||||||||||| ||und|| | ||
| 020 | _a9789380607481 | ||
| 040 | _coclc | ||
| 082 |
_a954.0317 _bHUS/R |
||
| 100 |
_aHusain, Iqbal _93058 |
||
| 245 | 0 |
_aReligion And Ideology Of The Rebels Of 1857 / _cIqbal Husain |
|
| 260 |
_bPrimus Books, _c2013. _aNew Delhi: |
||
| 300 | _a217p | ||
| 650 | _aHistory | ||
| 942 |
_cBK _2ddc _h954.0317 _iHUS/R _k954.0317 _mHUS/R |
||